000
00211nam a2200097Ia 4500
008
190216s9999||||xx |||||||||||||| ||und||
100
_a
Mahajan.C
245
0
_a
Seven Cone-Act Plays
260
_b
Null
942
_c
BK
999
_c
13044
_d
13044